Största öar i Åland på kartan - Statistics

General Stats
  • This quiz has been taken 13 times
  • The average score is 8 of 16
Answers on the Map
Answers color-coded by a green-red scale on the quiz's map according to % correct below.
 
Answer Stats
km² Ö % Correct
91 Eckerö
85%
10,3 Kökar
85%
92 Lemland
85%
685 {Fasta} Åland
77%
9,3 Sottunga
77%
23 Kumlinge
69%
33 Lumparland
69%
29 Vårdö
62%
14 Degerö
23%
17 {Hummersö}landet
23%
6,8 {Kyrk}landet
23%
9,7 Seglinge
23%
12,2 Enklinge
15%
12,8 Hellsö
15%
23 Östersocknen
15%
10,4 {Sonnboda}landet
15%
No matching quizzes found
Score Distribution
Percent of People with Each Score
Percentile by Number Answered
Your Score History
You have not taken this quiz